Normal view
MARC view
- NAIDU, R. RAVI
Entry Personal Name
001 - CONTROL NUMBER
- control field: 90717
003 - CONTROL NUMBER IDENTIFIER
- control field: NUST
005 - DATE AND TIME OF LATEST TRANSACTION
- control field: 20220329104501.0
008 - FIXED-LENGTH DATA ELEMENTS
- fixed length control field: 220329|| aca||aabn | a|a d
040 ## - CATALOGING SOURCE
- Original cataloging agency: NUST
- Transcribing agency: NUST
100 ## - HEADING--PERSONAL NAME
- Personal name: NAIDU, R. RAVI
670 ## - SOURCE DATA FOUND
- Source citation: Work cat.: (NUST): NAIDU, R. RAVI., MANAGING ARSENIC IN THE ENVIRONMENT FROM SOIL TO HUMAN HEALTH /, 2006.
